Strafverfolgung / 1992
| Medienart: | Druck Buch |
|---|---|
| Sprache: | Deutsch |
| Veröffentlicht: |
1996
|
| In: |
Strafverfolgung (Vollständiger Nachweis der einzelnen Straftaten)
Jahr: 1996 |
| Bestand in Tübingen: | In Tübingen vorhanden. IFK: H III 5 |
| Verfügbarkeit prüfen: | HBZ Gateway |
| Subito Bestelldienst: | Jetzt bestellen. |
MARC
| LEADER | 00000cam a2200000 cc4500 | ||
|---|---|---|---|
| 001 | 1124401873 | ||
| 003 | DE-627 | ||
| 005 | 20251215041913.0 | ||
| 007 | tu | ||
| 008 | 960919s1996 xx ||||| 00| ||ger c | ||
| 035 | |a (DE-627)1124401873 | ||
| 035 | |a (DE-576)054401879 | ||
| 035 | |a (DE-599)BSZ054401879 | ||
| 040 | |a DE-627 |b ger |c DE-627 |e rakwb | ||
| 041 | |a ger | ||
| 245 | 0 | 0 | |a Strafverfolgung |n 1992 |
| 264 | 1 | |c 1996 | |
| 300 | |a 383 S | ||
| 336 | |a Text |b txt |2 rdacontent | ||
| 337 | |a ohne Hilfsmittel zu benutzen |b n |2 rdamedia | ||
| 338 | |a Band |b nc |2 rdacarrier | ||
| 500 | |a Ersetzt: Strafverfolgung 1992, vorläufiges Ergebnis, Oktober 1994 | ||
| 773 | 1 | 8 | |a Strafverfolgung (Vollständiger Nachweis der einzelnen Straftaten) |w (DE-627)166045047 |w (DE-576)017945119 |w (DE-600)91583-X |g 1992 |q 1992,0000,00 |7 nnas |
| 889 | |w (DE-627)214054888 | ||
| 935 | |i mdedup | ||
| 951 | |a JV | ||
| ELC | |b 1 | ||
| LOK | |0 000 xxxxxcx a22 zn 4500 | ||
| LOK | |0 001 2599342635 | ||
| LOK | |0 003 DE-627 | ||
| LOK | |0 004 1124401873 | ||
| LOK | |0 005 20090428110821 | ||
| LOK | |0 008 090428||||||||||||||||ger||||||| | ||
| LOK | |0 040 |a DE-21-110 |c DE-627 |d DE-21-110 | ||
| LOK | |0 541 |e 96/511 | ||
| LOK | |0 852 |a DE-21-110 | ||
| LOK | |0 852 1 |c H III 5 |m p |9 00 | ||
| LOK | |0 935 |a i110 | ||
| LOK | |0 936ln |a 5.4.3 | ||
| LOK | |0 938 |k p | ||
| LOK | |0 939 |a 28-04-09 |b l01 | ||
| ORI | |a SA-MARC-krimdoka001.raw | ||
| SIG | |a IFK: H III 5 | ||
